000 00759nam a22002417a 4500
005 20251108170947.0
008 250721s1973 xx 000 0 ara d
082 1 4 _aم/413/معج
100 1 _aأنيس، إبراهيم
245 1 0 _aالمعجم الوسيط /
250 _aط2
264 1 _aبيروت :
_bدار إحياء التراث العربي،
_c1973.
300 _a2مج
650 1 7 _aاللغة العربية
650 1 7 _aالمعاجم
700 1 _aمنتصر، عبد الحليم
700 1 _aالصوالي، عطية
700 1 _aأحمد، محمد خلف الله
700 1 _aعطية، حسين علي
_eأشرف على الطبع
700 1 _aأمين، محمد شوقي
942 _2ddc
_cREF
999 _c53085
_d53085